Pirates of the purple dawn / (Record no. 30497)

MARC details
000 -LEADER
fixed length control field 01782nam a22003737a 4500
005 - DATE AND TIME OF LATEST TRANSACTION
control field 20090120105610.0
008 - FIXED-LENGTH DATA ELEMENTS--GENERAL INFORMATION
fixed length control field 090120t xxu||||| |||| 00| 0 eng d
010 ## - LCCN (DPL NO)
LC control number B-357792
020 ## - INTERNATIONAL STANDARD BOOK NUMBER
Terms of availability 110.00
035 ## - SYSTEM CONTROL NUMBER
System control number B-357792
037 ## - SOURCE OF ACQUISITION
Source of stock number/acquisition Tarun Books
040 ## - CATALOGING SOURCE
Original cataloging agency DPL
Language of cataloging English
082 ## - DEWEY DECIMAL CLASSIFICATION NUMBER
Classification number S
100 ## - MAIN ENTRY--PERSONAL NAME
Personal name Abbott, Tony
245 ## - TITLE STATEMENT
Title Pirates of the purple dawn /
Statement of responsibility, etc by Tony Abbott; illustrated by Royce Fitzgerald
260 ## - PUBLICATION, DISTRIBUTION, ETC. (IMPRINT)
Place of publication, distribution, etc New York
Name of publisher, distributor, etc Scholastic
Date of publication, distribution, etc 2008 (repr.)
270 ## - ADDRESS
Address 557 Broadway
City New York
Postal code NY 10012
300 ## - PHYSICAL DESCRIPTION
Extent 124p.:
Other physical details ill.
Dimensions 20cm. (pbk)
490 ## - SERIES STATEMENT
Series statement Secrets of Droon; 29
520 ## - SUMMARY, ETC.
Summary, etc Everything in Droon is changing. Lord Sparr has disappeared. Ko and Gethwing have fled to the Dark Lands. And an old villain is back -- Ving, leader of the Hawk Bandits! This time, he has his twin sister in tow, along with her band of wicked pirates. Arrr
650 ## - SUBJECT ADDED ENTRY--TOPICAL TERM
Topical term or geographic name as entry element Droon (Imaginary place)
Form subdivision Juvenile fiction.
650 ## - SUBJECT ADDED ENTRY--TOPICAL TERM
Topical term or geographic name as entry element Wizards
Form subdivision Juvenile fiction.
650 ## - SUBJECT ADDED ENTRY--TOPICAL TERM
Topical term or geographic name as entry element Magic
Form subdivision Fiction.
650 ## - SUBJECT ADDED ENTRY--TOPICAL TERM
Topical term or geographic name as entry element Droon (Imaginary place)
Form subdivision Fiction.
650 ## - SUBJECT ADDED ENTRY--TOPICAL TERM
Topical term or geographic name as entry element Wizards
Form subdivision Fiction.
655 ## - INDEX TERM--GENRE/FORM
Genre/form data or focus term Children's stories.
Source of term lcsh
655 ## - INDEX TERM--GENRE/FORM
Genre/form data or focus term Fantasy fiction.
Source of term gsafd
700 ## - ADDED ENTRY--PERSONAL NAME
Personal name Fitzgerald, Royce
800 ## - SERIES ADDED ENTRY--PERSONAL NAME
Personal name Abbott, Tony.
Title of a work Secrets of Droon ;
Volume/sequential designation #29.
942 ## - ADDED ENTRY ELEMENTS (KOHA)
Source of classification or shelving scheme Dewey Decimal Classification
Item type Children Books
Classification part S
Call number suffix ABB
Holdings
Withdrawn status Lost status Source of classification or shelving scheme Damaged status Not for loan Collection code Home library Current library Date acquired Source of acquisition Cost, normal purchase price Total Checkouts Full call number Barcode Date last seen Copy number Cost, replacement price Koha item type
    Dewey Decimal Classification     Non-fiction Janak Puri Janak Puri 19/09/2009 Tarun books/4121/9.9.09/89/2.9.09/11.9.09 110.00 18 S ABB B-357792 19/12/2020 1 110.00 Children Books

© Delhi Public Library
Hit Counter
free hit counter